000
00303nam a22001217a 4500
008
230704b xxu||||| |||| 00| 0 eng d
020
_a
0199260729
082
_2
5
_a
341
_b
DIX 2005
245
_a
Textbook on International Law
260
_b
Oxford University Press
_c
2005
300
_a
350p
942
_2
ddc
_c
BK
999
_c
3939
_d
3939